ロード中...

My life : an attempt at an autobiography /

書誌詳細
第一著者: Trotsky, Leon
フォーマット: Printed Book
言語:English
出版事項: Mineola, N.Y. : Dover Publications, 2007.
主題:
オンライン・アクセス:http://www.loc.gov/catdir/enhancements/fy0704/2006102428-d.html
LEADER 01442cam a2200337 a 4500
008 061220r20071960nyu 001 0aeng
010 |a  2006102428 
020 |a 0486456099  |c $18.95 
020 |a 9780486456096 
035 |a (OCoLC)77334182 
035 |a (OCoLC)ocm77334182 
043 |a e-ur--- 
082 0 0 |a 947.084092  |a B  |2 22 
100 1 |a Trotsky, Leon 
240 0 0 |a Moi︠a︡ zhiznʹ.  |l English 
245 1 0 |a My life :  |b an attempt at an autobiography /  |c Leon Trotsky. 
260 |a Mineola, N.Y. :  |b Dover Publications,  |c 2007. 
300 |a xxi, 599 p. ;  |c 21 cm. 
500 |a Includes index. 
500 |a Originally published: New York : Grosset & Dunlap, 1960. 
600 1 0 |a Trotsky, Leon,  |d 1879-1940. 
650 0 |a Revolutionaries  |z Russia  |v Biography. 
650 0 |a Statesmen  |z Soviet Union  |v Biography. 
651 0 |a Russia  |x Politics and government  |y 1894-1917. 
651 0 |a Soviet Union  |x Politics and government  |y 1917-1936. 
856 4 2 |u http://www.loc.gov/catdir/enhancements/fy0704/2006102428-d.html 
906 |a 7  |b cbc  |c orignew  |d 1  |e ecip  |f 20  |g y-gencatlg 
942 |c BK 
955 |a le04 2006-12-20  |i le04 2006-12-20  |a aa19 2006-12-21  |a ps10 2007-11-28 1 copy rec'd., to CIP ver.  |a lg00 2007-12-03  |a lg08 2007-12-13 c. 1 to BCCD 
999 |c 190217  |d 190217 
952 |0 0  |1 0  |4 0  |6 947_084092000000000_TRO_M  |7 0  |9 209724  |a ENG  |b ENG  |c ST1  |d 2015-01-06  |e Book Shop  |g 737.38  |i 17194  |l 0  |o 947.084092 TRO/M  |p ENG17194  |r 2015-01-06  |w 2015-01-06  |y BK